01061nam a2200253Ia 4500003000900000008004100009020001800050040001600068080001600084111005400100245023600154260003700390300001500427490004000442650002300482650003000505650002500535700003000560700002700590700003200617942000700649999001700656952013400673IN-BaIIA211028s9999 xx 000 0 eng d a0-7923-4820-4 cIIA Library a523.62bTHE aISSI workshopcSwitzerlandd1995 Nov. 6-10922409 4aThe heliosphere in the local interstellar mediumbproceedings of the first ISSI workshop held in Bern, Switzerland, 6-10 November 1995cedited by R. Von Steiger, R. Lallement and M. A. Lee  aDordrechtbKluwer Academicc1996 axiv, 398p. aSpace science series of ISSI; vol.1 aHeliosphere914687 aInterstellar medium93375 aSolar activity91424 aLallement, R., ed.922410 aLee, M. A., ed.922411 aVon Steiger, R., ed.922412 cBK c12791d12791 00104070aBANbBANcGENd1998-12-10eALL g6462.50l0o523.62/ THEp13708r2021-11-05v6462.50w1998-12-10yBKGRs. 6462.50